JRE-IKST-021の採用駅 - Statistics

General Stats
  • This quiz has been taken 21 times
    11 since last reset
  • The average score is 25 of 38
Answer Stats
Answer % Correct
熱海
100%
宇都宮
100%
盛岡
100%
東京
83%
新橋
83%
品川
83%
横浜
83%
小山
83%
雀宮
83%
北上
83%
大船
67%
藤沢
67%
大磯
67%
鴨宮
67%
早川
67%
根府川
67%
真鶴
67%
湯河原
67%
大宮
67%
土呂
67%
東鷲宮
67%
野木
67%
小金井
67%
自治医大
67%
一ノ関
67%
戸塚
50%
茅ケ崎
50%
上野
50%
浦和
50%
白岡
50%
新白岡
50%
久喜
50%
栗橋
50%
間々田
50%
石橋
50%
さいたま新都心
33%
東大宮
33%
花巻
33%
No matching quizzes found
Score Distribution
Percent of People with Each Score
Percentile by Number Answered
Your Score History
You have not taken this quiz since the last reset